000 00718nam a2200289Ia 4500
005 20260324122301.0
008 008 260324s9999 xx 000 0 eng d
020 _a9781315577869
037 _aEBOOK
040 _aCRL
040 _beng
040 _cCRL
041 _2eng
041 _aeng
084 _qCRL
100 _aLiz Stanley
_9998600
245 0 _aDocuments of Life Revisited
245 0 _bNarrative and Biographical Methodology for a 21st Century Critical Humanism
260 _bTaylor and Francis
260 _c2013
365 _a
365 _b240
856 _uhttp://www.taylorfrancis.com/books/9781315577869
942 _cEBOOK
999 _c1758460
_d1758460